Prototyping and modelmaking for Product Design /

Saved in:
Bibliographic Details
Main Author: Hallgrimsson, Bjarki (Author)
Format: Book
Language:English
Published: London : Laurence King Publishing Ltd, 2020
Edition:2. vydanie
Subjects:
Tags: Add Tag
No Tags, Be the first to tag this record!

MARC

LEADER 00000nam a22000003a 4500
001 0089290
003 SK-STU
005 20210702145615.7
007 ta
008 210702s ----xo-----e------000-0-----d
020 |a 978-1-78627-511-0 
040 |a STU  |b slo 
041 0 |a eng 
044 |a xxk 
100 1 |a Hallgrimsson, Bjarki  |4 aut  |r Z6 
245 1 0 |a Prototyping and modelmaking for Product Design /  |c aut. Bjarki Hallgrimsson 
250 |a 2. vydanie 
260 |a London :  |b Laurence King Publishing Ltd,  |c 2020 
300 |a 208 s. 
650 0 7 |a dizajn produktový 
650 0 7 |a tvorba 
650 0 7 |a výroba prototypu 
650 0 7 |a design priemyselný 
996 |b 284AU08744  |c A* 12022/U  |l AAKNST  |s P  |a 0  |w 0089290_0001 
996 |b 284AU08745  |c A* 12023/U  |l AAKNAR  |s A  |a 24  |w 0089290_0002 
996 |b 284AU08746  |c A* 12024/U  |l AAKNAR  |s A  |a 24  |w 0089290_0003